One piece tous les personnages par ordres alphabétiques - Statistiques

Statistiques générales
  • Ce quiz a été pris 176 fois
  • Le résultat moyen est 98 sur 413
Statistiques - réponses
Lettres Personnages % Correct
Sanji
74%
Personnages en M Monkey D. Luffy
72%
Personnages en N Nami
67%
Arlong
65%
Akainu
63%
Aokiji
63%
Brook
63%
Personnages en R Roronoa Zoro
63%
Monkey D. Garp
61%
Tony-Tony Chopper
61%
Franky
60%
Jinbe
58%
Nico Robin
58%
Bartolomeo
56%
Linlin
56%
Monkey D. Dragon
56%
Personnages en U Usopp
56%
Don Quichotte Doflamingo
54%
Portgas D. Ace
54%
Personnage en B Baggy
53%
Personnages en E Edward Newgate
53%
Kizaru
53%
Marshall D. Teach
53%
Ener
51%
Gol D. Roger
51%
Absalom
49%
Boa Hancock
49%
Personnages en H Hermepp
49%
Katakuri
49%
Kinemon
49%
Shanks
49%
Crocodile
47%
Kaido
47%
King
47%
Personnages en K Kobby
47%
Personnages en Q Queen
47%
Smoker
47%
Momonosuke
46%
Personnages en A Alvida
44%
Bentham
44%
Judge
44%
Killer
44%
Octy
44%
Personnages en Y Yasopp
44%
Ichiji
42%
Kuro
42%
Reiju
42%
Sabo
42%
Personnages en T Tashigi
42%
Vegapunk
42%
Yama
42%
Belmer
40%
Broggy
40%
Eustass Kidd
40%
Fujitora
40%
Hiluluk
40%
Kalifa
40%
Kanjuro
40%
Kaya
40%
Nojiko
40%
Oden
40%
Rob lucci
40%
Trafalgar D. Water Law
40%
Personnages en W Wapol
40%
Yamato
40%
Blueno
39%
Personnages en D Dorry
39%
Kaku
39%
Morgan
39%
Nico Olvia
39%
Rebecca
39%
Shiraoshi
39%
Yonji
39%
Baby 5
37%
Carrot
37%
Cesar Clown
37%
Cracker
37%
Diamante
37%
Dracule Mihawk
37%
Gecko Moria
37%
Gin
37%
Icebarg
37%
Leo
37%
Marco
37%
Nefertari Vivi
37%
Neptune
37%
Niji
37%
Pudding
37%
Sengoku
37%
Spandam
37%
Trebol
37%
Personnages en Z Zeff
37%
Black Maria
35%
Cavendish
35%
Crocus
35%
Izo
35%
Jango
35%
Kureha
35%
Merry
35%
Monet
35%
Perospero
35%
Pica
35%
Personnages en S Silver Rayleigh
35%
Vista
35%
Personnages en X X-Drake
35%
Amande
33%
Bellamy
33%
Don Krieg
33%
Hina
33%
Inazuma
33%
Jack
33%
Kyros
33%
Oven
33%
Pekoms
33%
Perona
33%
Ryokugyu
33%
Smoothie
33%
Urouge
33%
Who's Who
33%
Bartholomew Kuma
32%
Caborage
32%
Capone Bege
32%
Chavipere
32%
Chiffon
32%
Dolton
32%
Galdino
32%
Hody Jones
32%
Joz
32%
Kikunojo
32%
Personnages en L Laboon
32%
Magellan
32%
Pauly
32%
Pedro
32%
Ryuma
32%
Sasaki
32%
Sugar
32%
Tom
32%
Basil Hawkins
30%
Bepo
30%
Boa Sandersonia
30%
Brulé
30%
Clover
30%
Denjiro
30%
Doc Q
30%
Hogback
30%
Makino
30%
Mont d'or
30%
Nefertari Cobra
30%
O-Tama
30%
Otohim
30%
Oz
30%
Sentomaru
30%
Ulti
30%
Boa Marigold
28%
Cabaji
28%
Daz bonez
28%
Dellinger
28%
Gladius
28%
Hajrudin
28%
Jessus Burgess
28%
Kawamatsu
28%
Koala
28%
Lao G
28%
Laura
28%
Page one
28%
Pell
28%
Raizo
28%
Rock
28%
Smack
28%
Tsuru
28%
Vergo
28%
Wiper
28%
Ashura Doji
26%
Catarina Devon
26%
Chaka
26%
Daifuku
26%
Foxy
26%
Hiyori
26%
Personnages en I Igaram
26%
Jabura
26%
Jora
26%
Portgas D. Rouge
26%
Scratchmen Apoo
26%
Shiliew
26%
Toki
26%
Bastille
25%
Belo Betty
25%
Fukaboshi
25%
Personnages en G Gaimon
25%
Karasu
25%
Keimie
25%
Kokoro
25%
Laffitte
25%
Momonga
25%
Opéra
25%
Senor pink
25%
Stussy
25%
Violette
25%
Atlas
23%
Caribou
23%
Carotte
23%
Don Chinjao
23%
Edison
23%
Fisher Tiger
23%
Personnages en F Fullbody
23%
Genzo
23%
Hack
23%
Personnages en J Johnny
23%
Kaloo
23%
Koza
23%
Montblanc Norland
23%
Morgans
23%
Morge
23%
Ohm
23%
Personnages en O Oignon
23%
Pappag
23%
Pearl
23%
Personnages en P Piment
23%
Satori
23%
Shaka
23%
Coribou
21%
Don Quichotte Rossinante
21%
Gan forr
21%
Kuroobi
21%
Manshelly
21%
Riku doldo III
21%
Sora
21%
Personnages en V Van Augur
21%
Wanda
21%
Zunesha
21%
Avalo pizarro
19%
Conis
19%
Fukuro
19%
Kong
19%
Kumadori
19%
Lilith
19%
Lindbergh
19%
Montblanc Cricket
19%
Namur
19%
O-Toko
19%
Pierre
19%
Shura
19%
T-Bone
19%
York
19%
Personnages en C Chouchou
18%
Elizabello II
18%
Gedatsu
18%
Haguar D. Sauro
18%
Morley
18%
Pythagore
18%
Rockstar
18%
Sanjuan Wolf
18%
Vasco Shot
18%
Yosaku
18%
Zeus
18%
Aladdin
16%
Barbe Brune
16%
Barbe rose
16%
Calgara
16%
Chimney
16%
Cindry
16%
Doberman
16%
Don Sai
16%
Galette
16%
Hyogoro
16%
Ideo
16%
Machvise
16%
Napoleon
16%
Spandine
16%
Squardo
16%
Streusen
16%
Thatch
16%
Toto
16%
Abdullah
14%
Boo
14%
Little Oz Jr
14%
Nero
14%
Patty
14%
Prométhé
14%
Sadi
14%
Speed
14%
Aisa
12%
Gonbe
12%
Heracles
12%
Jewerly Bonney
12%
Kiwi
12%
Masira
12%
Minotaure
12%
Minozebre
12%
Ryuboshi
12%
Sham
12%
Blue Gilly
11%
Carmel
11%
Chess
11%
Gloriosa
11%
Higuma
11%
John Giant
11%
Minorhinoceros
11%
Oimo
11%
Pagaya
11%
Saldeath
11%
Shojo
11%
Snack
11%
Trafalgar D. Water Lamy
11%
Zambai
11%
Bee Anne
9%
Bobbin
9%
Gomorrhe
9%
Hotori
9%
Im Sama
9%
Jean Bart
9%
Kashi
9%
Kuromarimo
9%
Laki
9%
Minokoala
9%
Mocha
9%
Onigumo
9%
Orlumbus
9%
O-Tsuru
9%
Peeply lul
9%
Shakuyaku
9%
Shinobu
9%
Tilestone
9%
Vito
9%
Yokozuna
9%
Zeo
9%
Bluejam
7%
Boodle
7%
Braham
7%
Cosette
7%
Curly Dadan
7%
Daruma
7%
Disco
7%
Doll
7%
Domino
7%
Emperio Ivankov
7%
Genbo
7%
Hibari
7%
Holdem
7%
Jaygarcia Saturn
7%
Kamakiri
7%
Kelly Funk
7%
Kotori
7%
Marcus Mars
7%
Margarette
7%
Nezumi
7%
Praliné
7%
Scarlette
7%
Vander Decken IX
7%
Wadatsumi
7%
Yorki
7%
Bao Huang
5%
Buchie
5%
Curiel
5%
Demaro Black
5%
Edward Weeble
5%
Ethanbaron V. Nusjuro
5%
Fukurokuju
5%
Gotti
5%
Hannyabale
5%
Jeet
5%
Kujaku
5%
Mjosgard
5%
Shepherd Ju Peter
5%
Sodom
5%
Sukiyaki
5%
Suleiman
5%
Tonjit
5%
Topman Warcury
5%
Zepo
5%
Amazon
4%
Boby Funk
4%
Charloss
4%
Decalvan
4%
Dosun
4%
Drip
4%
Farul
4%
Figarland Garling
4%
Gambia
4%
Gancho
4%
Gatz
4%
Hammond
4%
Jerry
4%
Lip doughty
4%
Maynard
4%
McKinley
4%
S-Bear
4%
S-Hawk
4%
Shyarly
4%
S-Shark
4%
S-Snack
4%
Stelly
4%
Tonoyasu
4%
Wanze
4%
Wicka
4%
Bavarois
2%
Bigknife Sarquiss
2%
Brandnew
2%
Columbus
2%
Dagama
2%
Duvale
2%
Gyukimaru
2%
Hildone
2%
Hitetsu Tenguya
2%
Hotei
2%
Hyouzou
2%
Ikaros Much
2%
Orochie
2%
Pound
2%
Roshio
2%
Sharlia
2%
Spartan
2%
Roswald
0%
Aucun quiz correspondant
Distribution des résultats
% des personnes avec chaque résultat
Percentile par nombre de réponses
Votre historique - résultats
Vous n’avez pas pris ce quiz